| 000 | 01403nam a2200325 i 4500 | ||
|---|---|---|---|
| 999 |
_c65222 _d65222 |
||
| 001 | 768714001 | ||
| 003 | CO-MdFUSB | ||
| 005 | 20210918063849.0 | ||
| 008 | 190916t2010 sp |||| |||| 00| 0 spa d | ||
| 020 | _a9788498791419 | ||
| 040 |
_aCO-MdFUSB _bspa _cCO-MdFUSB _dCO-MdFUSBC _erda |
||
| 041 | _aspa | ||
| 082 |
_223 _a172.2 _bC829 |
||
| 100 |
_aCortina, Adela. _eautor |
||
| 245 |
_aJusticia cordial. _c/ Adela Cortina |
||
| 264 | 1 |
_aMadrid, España. _bTrotta, _c[2010] |
|
| 264 | 4 | _c© 2010 | |
| 300 |
_a149 páginas _c; 20 cm |
||
| 336 |
_2rdacontent _atexto _btxt |
||
| 337 |
_2rdamedia _asin mediación _bn |
||
| 338 |
_2rdacarrier _avolumen _bnc |
||
| 490 | _aMinima Trotta. | ||
| 504 | _aIncluye referencias bibliográficas (páginas 145-149) | ||
| 505 | _aVerum, iustum, Pulchrum. -- Señas de identidad de una Ethica Cordis. -- Tareas y retos para una ética de la razón compasiva. -- Ética cívica y reconocimiento cordial. -- La ética es de este mundo. -- Ciudadanía; el gozne entre ética, política y economía. -- Democracia radical como democracia comunicativa. -- Derechos humanos y capacidad comunicativa. -- ¿Justicia más allá de los límites de la reciprocidad?. -- El horizonte de la justicia mundial: ciudadanía cosmopolita. | ||
| 563 | _aRústico | ||
| 650 | 7 |
_aÉtica social. _2 _9186 |
|
| 650 | 2 |
_9927 _aConciencia (Moral) |
|
| 942 | _cBK | ||
| 945 | _aJTF-925 | ||